[Event "It (open)"]
[Site "Bern (Switzerland)"]
[Round "6"]
[White "Begovac Franja (CRO)"]
[Black "Mascarinas Rico (PHI)"]
[Result "1-0"]
[WhiteElo "2379"]
[BlackElo "2410"]

1.d4 Nf6 2.c4 e6 3.Nf3 c5 4.d5 exd5 5.cxd5 d6 6.Nc3 g6 7.Nd2 Bg7 8.e4 O-O
9.Be2 Na6 10.O-O Nc7 11.a4 b6 12.Re1 Rb8 13.Nc4 Ba6 14.Bg5 Re8 15.f3 h6 16.Be3
Bxc4 17.Bxc4 Nd7 18.Bb5 a6 19.Bc6 Re7 20.Qd2 Kh7 21.Bf2 b5 22.axb5 axb5 23.f4
b4 24.Na4 Nb5 25.e5 dxe5 26.Nxc5 Nxc5 27.Bxc5 Rc7 28.Rad1 Nd4 29.Qf2 f6
30.Bxd4 exd4 31.f5 Re7 32.fxg6+ Kg8 33.Qxd4 f5 34.Qc5 Rxe1+ 35.Rxe1 Qh4 36.Qe7
Qxe7 37.Rxe7 Rd8 38.Bd7 {#r} 1-0

[Event "Ch Poland"]
[Site "Bielsko-Biala (Poland)"]
[Round "8"]
[White "Kalinowski Roman (POL)"]
[Black "Robak Zbigniew (POL)"]
[Result "1-0"]
[WhiteElo "2166"]
[BlackElo "2245"]

1.d4 Nf6 2.c4 c5 3.d5 e6 4.Nc3 exd5 5.cxd5 d6 6.Nf3 g6 7.Nd2 Bg7 8.e4 O-O
9.Be2 Na6 10.O-O Ne8 11.Nc4 f5 12.exf5 Bxf5 13.Bf4 Bd3 14.Bg3 Bxc4 15.Bxc4
Nac7 16.Qd2 a6 17.a4 Nf6 18.h3 Qd7 19.a5 Rae8 20.Rae1 Nh5 21.Rxe8 Nxe8 22.Bh2
Qd8 23.Be2 Qxa5 24.Bxh5 gxh5 25.Qe3 Qb6 26.Ne4 Bd4 27.Qh6 Nf6 28.Bxd6 Rf7
29.Qg5+ Kh8 30.Be5 Bxe5 31.Qxe5 Kg8 32.Nd6 Rd7 33.Qe6+ {#r} 1-0

[Event "It \"]
[Site "Budapest (Hungary)"]
[Round "5"]
[White "Schneider Attila (HUN)"]
[Black "Higatsberger Michael (AUT)"]
[Result "1-0"]
[WhiteElo "2266"]
[BlackElo "2126"]

1.d4 Nf6 2.c4 c5 3.d5 e6 4.Nc3 exd5 5.cxd5 d6 6.Nf3 g6 7.Nd2 Bg7 8.e4 O-O
9.Be2 Na6 10.O-O Nc7 11.a4 Nfe8 12.Nc4 f5 13.exf5 gxf5 14.Bf4 Rb8 15.Ra3 a6
16.a5 Nb5 17.Nxb5 axb5 18.Nb6 b4 19.Rg3 Kh8 20.b3 Nf6 21.Bd3 Ng4 22.Nxc8 Rxc8
23.Bxf5 Rxf5 24.Qxg4 Rf7 25.Bxd6 Bd4 26.Qe6 Qe8 27.Re3 Qxe6 28.dxe6 Rf5 29.Re4
Kg7 30.Bg3 h5 31.Rc1 Ra8 32.Kf1 Kf8 33.Rc2 Rxa5 34.Bd6+ Kg7 35.e7 {#r} 1-0

[Event "It (open)"]
[Site "Cappelle la Grande (France)"]
[Round "0"]
[White "Anastasian Ashot (ARM)"]
[Black "San Marco Bruno (FRA)"]
[Result "1-0"]
[WhiteElo "2540"]
[BlackElo "2225"]

1.d4 Nf6 2.Nf3 e6 3.c4 c5 4.d5 exd5 5.cxd5 d6 6.Nc3 g6 7.Bf4 Bg7 8.e4 O-O
9.Nd2 Qe7 10.Be2 Nbd7 11.O-O Ne5 12.a4 Ne8 13.Qb3 g5 14.Bg3 Ng6 15.Nc4 Nf4
16.Rfe1 h5 17.Bxf4 gxf4 18.Bxh5 Qh4 19.Bf3 Bd4 20.Qc2 Kg7 21.Nb5 Rh8 22.Nxd4
Qxh2+ 23.Kf1 cxd4 24.Qd2 Bd7 25.Qxd4+ f6 26.Ke2 Rc8 27.b3 b6 28.Rac1 Qh4
29.Nb2 Nc7 30.Qb4 Rhd8 31.Nd3 f5 32.Kd2 Qf6 33.e5 dxe5 34.Rxe5 {#r} 1-0

[Event "Regionalliga North South"]
[Site "Germany"]
[Round "0"]
[White "Proniuk Stefan (GER)"]
[Black "Jolowicz Matias Dr (GER)"]
[Result "0-1"]
[WhiteElo "2229"]
[BlackElo "2243"]

1.Nf3 c5 2.c4 Nf6 3.Nc3 g6 4.d4 Bg7 5.e4 O-O 6.Be2 d6 7.O-O Bg4 8.d5 e6 9.Bg5
exd5 10.cxd5 Re8 11.h3 Bxf3 12.Bxf3 Nbd7 13.Re1 h6 14.Bf4 Ne5 15.Be2 a6 16.a4
Rb8 17.Qd2 g5 18.Bh2 Ng6 19.Bd3 g4 20.hxg4 Nxg4 21.Bg3 h5 22.Be2 Qd7 23.Qg5
Nf6 24.Bxh5 Nxh5 25.Qxh5 b5 26.axb5 axb5 27.Ra6 Ne5 28.Bxe5 Rxe5 29.Qf3 Qe7
30.Rea1 b4 31.Ra7 Qf6 32.Qxf6 Bxf6 33.f4 Ree8 34.e5 bxc3 35.exf6 cxb2 36.Rb1
Re2 37.Kh2 c4 38.Rc7 Rc2 {#R} 0-1

[Event "Ch Hessen"]
[Site "Hessen (Germany)"]
[Round "7"]
[White "Alber Horst (GER)"]
[Black "Haus Volker (GER)"]
[Result "1-0"]
[WhiteElo "2340"]
[BlackElo "2201"]

1.d4 Nf6 2.c4 g6 3.Nc3 c5 4.d5 e6 5.e4 exd5 6.cxd5 d6 7.Nf3 Bg7 8.Nd2 O-O
9.Be2 Na6 10.O-O Nc7 11.Rb1 a6 12.a4 Qe8 13.b4 Nd7 14.Qc2 b6 15.Nc4 Qe7 16.b5
Rb8 17.f4 Ne8 18.Bf3 a5 19.Kh1 Ndf6 20.Bb2 Bg4 21.e5 Bxf3 22.exf6 Bxg2+
23.Qxg2 Nxf6 24.Rbe1 Qd7 25.f5 Rfe8 26.Rxe8+ Nxe8 27.Ne4 Bxb2 28.Qxb2 Qe7
29.Qg2 Qh4 30.f6 Nc7 31.Nexd6 Rd8 32.Qe4 Qg5 33.Qg2 Qxd5 34.Qxd5 Nxd5 35.Rf3
g5 36.Rf5 Nf4 37.Rxg5+ Kf8 38.Rg7 h5 39.Rxf7+ Kg8 40.Rg7+ {#r} 1-0

[Event "Ch Hungary (team)"]
[Site "Hungary"]
[Round "0"]
[White "Banhazi Istvan (HUN)"]
[Black "Anka Emil (HUN)"]
[Result "0-1"]
[WhiteElo "2095"]
[BlackElo "2355"]

1.d4 Nf6 2.c4 c5 3.d5 e6 4.Nc3 exd5 5.cxd5 d6 6.Nf3 g6 7.Nd2 Bg7 8.e4 O-O
9.Be2 Na6 10.O-O Nc7 11.f3 Rb8 12.a4 b6 13.Ra3 Nfe8 14.g4 h5 15.Nc4 hxg4
16.fxg4 Ba6 17.Bf4 Qe7 18.Qc2 Bxc4 19.Bxc4 a6 20.Qd3 b5 21.axb5 axb5 22.Nxb5
Nxb5 23.Bxb5 Bxb2 24.Ra6 Bd4+ 25.Kh1 Rxb5 {#R} 0-1

[Event "It (active) (b)"]
[Site "Hungary"]
[Round "4"]
[White "Schneider Attila (HUN)"]
[Black "Tolnai Tibor (HUN)"]
[Result "1-0"]
[WhiteElo "2266"]
[BlackElo "2500"]

1.d4 Nf6 2.c4 e6 3.Nc3 c5 4.d5 exd5 5.cxd5 d6 6.Nf3 g6 7.Nd2 Bg7 8.e4 O-O
9.Be2 Na6 10.O-O Ne8 11.Nc4 f5 12.exf5 Bxf5 13.Bg4 Nac7 14.Bxf5 Rxf5 15.Ne3
Rf7 16.a4 Nf6 17.Nc4 Qd7 18.Bf4 Bf8 19.Qd2 b5 20.axb5 Nxb5 21.Nb6 axb6 22.Rxa8
Nxc3 23.bxc3 Ne4 24.Qe3 Nxc3 25.Qe6 Kg7 26.Bg5 Qb7 27.Rfa1 Nb5 28.Qe3 Qxd5
29.Bh6+ Kg8 30.Qe7 {#r} 1-0

[Event "It (open)"]
[Site "Katowice (Poland)"]
[Round "6"]
[White "Kalinin Alexander (RUS)"]
[Black "Vasilchenko Oleg (RUS)"]
[Result "1-0"]
[WhiteElo "2459"]
[BlackElo "2405"]

1.d4 Nf6 2.c4 c5 3.d5 e6 4.Nc3 exd5 5.cxd5 d6 6.e4 g6 7.Nf3 Bg7 8.Nd2 O-O
9.Be2 Na6 10.O-O Nc7 11.a4 Qe7 12.f3 b6 13.Nc4 Ba6 14.Bd2 Rfe8 15.Re1 Rab8
16.b3 Nh5 17.g3 Bd4+ 18.Kg2 Qd7 19.Qc2 Ng7 20.Bf4 Bxc4 21.bxc4 Re7 22.Rab1 Rf8
23.Bd3 Na6 24.Nb5 Be5 25.Bd2 f5 26.f4 fxe4 27.Rxe4 Bf6 28.Rxe7 Qxe7 29.Re1 Qd7
30.Qb1 Re8 31.h3 Rxe1 32.Qxe1 Kf7 33.g4 Nc7 34.Nc3 Bxc3 35.Bxc3 Nce8 36.Qh4
Kg8 37.f5 gxf5 38.gxf5 Qf7 39.f6 Nh5 40.Qg5+ Kh8 41.Qxh5 {#r} 1-0

[Event "It"]
[Site "Lenk (Switzerland)"]
[Round "0"]
[White "Hug Marcel (SUI)"]
[Black "Anka Emil (HUN)"]
[Result "0-1"]
[WhiteElo "2338"]
[BlackElo "2355"]

1.d4 Nf6 2.Nf3 e6 3.c4 c5 4.d5 exd5 5.cxd5 d6 6.Nc3 g6 7.Nd2 Bg7 8.e4 O-O
9.Be2 Na6 10.O-O Nc7 11.a4 b6 12.Nc4 Ba6 13.Bg5 Qd7 14.b3 Rfe8 15.f3 Ng4
16.Qd2 Bd4+ 17.Kh1 Nf2+ 18.Rxf2 Bxf2 19.Bf6 Bd4 20.e5 Bxc3 21.Qh6 Ne6 22.Nxd6
Qxd6 23.dxe6 Qf8 24.exf7+ Qxf7 25.Bxa6 Bxe5 26.Bc4 Bxf6 27.Bxf7+ Kxf7 28.Rf1
Kg8 29.h4 Rad8 30.Qf4 Be5 31.Qc4+ Kg7 32.f4 Bf6 33.g3 Rd2 {#R} 0-1

[Event "Tournament"]
[Site "Manzanillo (Cuba)"]
[Round "5"]
[White "Medina Jaime (MEX)"]
[Black "Armas Jorge (CUB)"]
[Result "1-0"]
[WhiteElo "2084"]
[BlackElo "2381"]

1.d4 Nf6 2.c4 c5 3.d5 g6 4.Nc3 Bg7 5.Nf3 O-O 6.e4 d6 7.Be2 e6 8.Nd2 exd5
9.cxd5 Na6 10.O-O Ne8 11.Nc4 f5 12.Bf4 g5 13.Bd2 Nac7 14.a4 f4 15.Bg4 Nf6
16.Bxc8 Rxc8 17.Re1 Nce8 18.Ra3 Rc7 19.Nb5 Re7 20.e5 Rxe5 21.Nxe5 dxe5 22.Rxe5
Nxd5 23.Ba5 Qxa5 24.Qxd5+ Kh8 25.Qxc5 Qd2 26.h3 Nf6 27.Qc3 Qd1+ 28.Qe1 Qc2
29.Rc3 Qg6 30.Rc7 g4 31.h4 h6 32.Nd6 g3 33.Ree7 Ng4 34.Rxg7 gxf2+ 35.Qxf2 Qb1+
36.Qf1 {#r} 1-0

[Event "Ch Ukraine (team)"]
[Site "Simferopol (Ukraine)"]
[Round "0"]
[White "Neverov Valeriy (UKR)"]
[Black "Khomyakov Vladimir (UKR)"]
[Result "1-0"]
[WhiteElo "2540"]
[BlackElo "2105"]

1.d4 Nf6 2.c4 c5 3.d5 g6 4.Nc3 Bg7 5.e4 O-O 6.Nf3 e6 7.Be2 exd5 8.cxd5 d6
9.Nd2 Nbd7 10.O-O Ne5 11.a4 g5 12.Re1 g4 13.Nf1 Nh5 14.Ne3 Nf4 15.Bxg4 Nxg2
16.Kxg2 Nxg4 17.Nxg4 Qh4 18.f3 f5 19.exf5 Bxf5 20.Ne4 Kh8 21.Bg5 Qh5 22.Be7
Rg8 23.Ng3 Qg6 24.Nxf5 Qxf5 25.Kh1 h5 26.Nf2 Bd4 27.Qd3 Qf7 28.Re6 Rg7 29.Nh3
Re8 30.Ng5 Qf4 31.Bf6 {#r} 1-0

[Event "It (open) \"]
[Site "Switzerland"]
[Round "0"]
[White "Hug Marcel (SUI)"]
[Black "Mascarinas Rico (PHI)"]
[Result "0-1"]
[WhiteElo "2338"]
[BlackElo "2410"]

1.d4 Nf6 2.c4 c5 3.d5 e6 4.Nc3 exd5 5.cxd5 d6 6.Nf3 g6 7.Nd2 Bg7 8.e4 O-O
9.Be2 Na6 10.O-O Nc7 11.a4 b6 12.Nc4 Ba6 13.Bg5 Qd7 14.b3 Rfe8 15.f3 Ng4
16.Qd2 Bd4+ 17.Kh1 Nf2+ 18.Rxf2 Bxf2 19.Bf6 Bd4 20.e5 Rxe5 21.Nxe5 dxe5
22.Bxa6 Qf5 23.d6 Bxc3 24.Qxc3 Nd5 25.Qxe5 Qxf6 26.f4 Kg7 27.Rf1 Nb4 28.Bb5
Rd8 29.Rd1 Nc2 30.Rd5 Nd4 31.g4 Qxe5 32.fxe5 Nxb3 33.Kg2 Nd4 34.Rxd4 cxd4
35.g5 h6 36.h4 hxg5 37.hxg5 Rh8 38.Kf3 Kf8 39.Ke4 Rh4+ 40.Kd5 d3 41.Bxd3 Rxa4
{#R} 0-1

[Event "It (open)"]
[Site "Bled (Slovenia)"]
[Round "5"]
[White "Jeras Stane (SLO)"]
[Black "Kozamernik Janez (SLO)"]
[Result "1-0"]
[WhiteElo "2124"]
[BlackElo "2170"]

1.d4 Nf6 2.c4 e6 3.Nf3 c5 4.d5 exd5 5.cxd5 d6 6.Nc3 g6 7.e4 Bg7 8.Be2 Bg4
9.Nd2 Bxe2 10.Qxe2 O-O 11.O-O Ne8 12.Nc4 a6 13.a4 Nd7 14.Kh1 Nb6 15.Ne3 Nc7
16.Qd3 Qe7 17.Bd2 Rfe8 18.f3 Nd7 19.Rfe1 Ne5 20.Qe2 h5 21.Rab1 b5 22.b3 Rab8
23.axb5 axb5 24.b4 c4 25.Rf1 Nd3 26.Ned1 Ra8 27.Be3 Ra3 28.Qd2 Rb8 29.Ne2 Be5
30.Nd4 Bxd4 31.Bxd4 Rba8 32.Qh6 Ne5 33.f4 Qh4 34.fxe5 Qxe4 35.e6 {#r} 1-0

[Event "It (open) \"]
[Site "Budapest (Hungary)"]
[Round "1"]
[White "Lauferon Patrick (FRA)"]
[Black "Szieberth Adam (HUN)"]
[Result "0-1"]
[WhiteElo "2178"]
[BlackElo "2347"]

1.d4 Nf6 2.c4 e6 3.Nc3 c5 4.d5 exd5 5.cxd5 d6 6.Nf3 g6 7.Nd2 Bg7 8.e4 O-O
9.Be2 Na6 10.O-O Ne8 11.f3 f5 12.Nc4 f4 13.Re1 Bd4+ 14.Kh1 Qh4 15.Bf1 g5 16.e5
dxe5 17.Nxe5 Rf6 18.Ng4 Bxg4 19.fxg4 Qxh2+ {#R} 0-1

[Event "It (open)"]
[Site "Copenhagen (Denmark)"]
[Round "0"]
[White "Henrichsen Jens (DEN)"]
[Black "Lund Flemming"]
[Result "0-1"]
[WhiteElo "1898"]
[BlackElo "2200"]

1.d4 Nf6 2.c4 c5 3.d5 e6 4.Nc3 exd5 5.cxd5 d6 6.Nf3 g6 7.Nd2 Na6 8.e4 Nc7
9.Be2 Bg7 10.O-O O-O 11.a4 b6 12.Nc4 Ba6 13.Bg5 Bxc4 14.Bxc4 a6 15.Qd2 Qd7
16.Bxf6 Bxf6 17.Qd3 Bxc3 18.Qxc3 b5 19.axb5 axb5 20.Be2 Qe7 21.f3 Nxd5 22.exd5
Rxa1 23.Rxa1 Qxe2 24.Re1 Qc4 25.Qxc4 bxc4 26.Rc1 Re8 27.Kf2 Re5 28.Rxc4 Rxd5
29.b4 Rd2+ 30.Ke3 Rxg2 31.bxc5 dxc5 32.h3 Rg5 33.Kf4 Rh5 34.Kg3 Kg7 35.f4 Kf6
36.Ra4 Ke6 {#R} 0-1

[Event "Ch Poland"]
[Site "Czestochowa (Poland)"]
[Round "0"]
[White "Schmidt Wlodzimierz (POL)"]
[Black "Panczyk Krzysztof (POL)"]
[Result "1-0"]
[WhiteElo "2420"]
[BlackElo "2352"]

1.d4 Nf6 2.c4 e6 3.Nf3 c5 4.d5 exd5 5.cxd5 d6 6.Nc3 g6 7.Nd2 Bg7 8.e4 O-O
9.Be2 Na6 10.O-O Nc7 11.a4 b6 12.Nc4 Ba6 13.f3 Qd7 14.Bd2 Bxc4 15.Bxc4 a6
16.Qe2 Rfb8 17.Rfb1 Qe7 18.Kh1 Nd7 19.f4 Re8 20.Re1 Bd4 21.Rab1 Nf6 22.Qf3
Bxc3 23.Bxc3 Nxe4 24.g4 Qh4 25.Rxe4 Rxe4 26.Qxe4 Qxg4 27.Rg1 Qd7 28.f5 b5
29.Bd3 b4 30.Bf6 Ne8 31.Qh4 {#r} 1-0

[Event "It (open)"]
[Site "Dortmund (Germany)"]
[Round "4"]
[White "Ftacnik Lubomir (SVK)"]
[Black "Pekarek Ales (CZE)"]
[Result "1-0"]
[WhiteElo "2535"]
[BlackElo "2455"]

1.d4 Nf6 2.Nf3 c5 3.d5 e6 4.c4 exd5 5.cxd5 d6 6.Nc3 g6 7.Nd2 Bg7 8.e4 O-O
9.Be2 Na6 10.O-O Nc7 11.a4 Rb8 12.Nc4 Re8 13.f3 Bf8 14.Bg5 h6 15.Bh4 g5 16.Bf2
b6 17.Qd2 Nh5 18.g3 Nf6 19.g4 Nd7 20.Bg3 Qf6 21.Rad1 Ba6 22.e5 Nxe5 23.Ne4 Qh8
24.Ncxd6 Red8 25.Bxa6 Bxd6 26.Qc3 f6 27.Be2 Qg7 28.f4 gxf4 29.Rxf4 Ne8 30.Rdf1
Ng6 31.Nxf6+ Kh8 32.R4f2 Bxg3 33.Qxg3 Nxf6 34.Rxf6 Rb7 35.d6 Rf8 36.Qc3 {#r}
1-0

[Event "It"]
[Site "Osasco (Brazil)"]
[Round "5"]
[White "Fiorito Fabian (ARG)"]
[Black "Madeira Wagner Martins (BRA)"]
[Result "1-0"]
[WhiteElo "2438"]
[BlackElo "2241"]

1.d4 Nf6 2.c4 c5 3.d5 g6 4.Nc3 d6 5.e4 Bg7 6.Nf3 O-O 7.Be2 e6 8.Nd2 exd5
9.cxd5 Na6 10.O-O Nc7 11.a4 b6 12.Nc4 Ba6 13.Bg5 Bxc4 14.Bxc4 Qd7 15.f3 Nh5
16.g4 Bd4+ 17.Kh1 Ng7 18.Qd2 f5 19.gxf5 gxf5 20.Ne2 Bf6 21.Bxf6 Rxf6 22.e5
dxe5 23.d6+ Kh8 24.Rad1 Nce8 25.Qd5 {#r} 1-0

[Event "Ch Provincial (juniors) (under 18)"]
[Site "Spain"]
[Round "0"]
[White "Martin Juan Manuel (ESP)"]
[Black "Ruiz Jimenez Francisco (ESP)"]
[Result "1-0"]
[WhiteElo "2255"]
[BlackElo "2214"]

1.d4 c5 2.d5 e6 3.c4 Nf6 4.Nc3 g6 5.e4 exd5 6.cxd5 d6 7.Nf3 Bg7 8.Be2 O-O
9.Nd2 Na6 10.O-O Nc7 11.a4 Re8 12.a5 a6 13.Qc2 Bd7 14.Nc4 Nb5 15.Nxb5 Bxb5
16.f3 Qe7 17.Bd3 Nh5 18.Be3 Bxc4 19.Bxc4 Qh4 20.Qf2 Qxf2+ 21.Rxf2 f5 22.Bd3 f4
23.Bd2 Bd4 24.Kf1 Bxf2 25.Kxf2 g5 26.Bc3 Kf7 27.Bc4 Nf6 28.Re1 Nd7 29.b4 b5
30.axb6 Nxb6 31.Be2 Na4 32.Bd2 Reb8 33.Ra1 Nb6 34.bxc5 dxc5 35.Rxa6 Rxa6
36.Bxa6 Ra8 37.Be2 Ra2 38.Ke1 Ra1+ 39.Kf2 c4 40.Bc3 Rc1 {#r} 1-0

[Event "It (open)"]
[Site "Zalakaros (Hungary)"]
[Round "8"]
[White "Portisch Ferenc (HUN)"]
[Black "Szalanczy Emil (HUN)"]
[Result "1-0"]
[WhiteElo "2342"]
[BlackElo "2420"]

1.d4 c5 2.d5 e6 3.c4 exd5 4.cxd5 d6 5.Nc3 g6 6.Nf3 Bg7 7.Nd2 Nf6 8.e4 O-O
9.Be2 Na6 10.O-O Ne8 11.Nc4 Nac7 12.a4 f5 13.Bf4 g5 14.Bd2 Bd4 15.Kh1 f4
16.Bg4 Nf6 17.Bxc8 Rxc8 18.Qf3 Nd7 19.g3 Ne5 20.Nxe5 Bxe5 21.Qh5 Kh8 22.Rg1
fxg3 23.fxg3 Rf2 24.Bxg5 Qe8 25.Qxe8+ Rxe8 26.Rg2 Rxb2 27.Rxb2 Bxc3 28.Rxb7
Bxa1 29.Rxc7 Rxe4 30.Rxa7 c4 31.Rc7 c3 32.a5 Ra4 33.Bh6 Kg8 34.Rg7+ Kh8 35.Rf7
Rg4 36.Rf8+ Rg8 37.Rxg8+ Kxg8 {#r} 1-0

[Event "It (open)"]
[Site "Antwerpen (Belgium)"]
[Round "7"]
[White "Tukmakov Vladimir B (UKR)"]
[Black "Riemens Michael (NED)"]
[Result "1-0"]
[WhiteElo "2600"]
[BlackElo "2262"]

1.d4 Nf6 2.Nf3 c5 3.d5 e6 4.c4 exd5 5.cxd5 d6 6.Nc3 g6 7.Nd2 Nbd7 8.e4 Bg7
9.Be2 O-O 10.O-O Ne5 11.a4 g5 12.Re1 Ng6 13.Nc4 h6 14.f3 b6 15.a5 Ba6 16.Ne3
Bxe2 17.Nxe2 Re8 18.Nf5 Bf8 19.Neg3 b5 20.b3 Nd7 21.Bb2 Nde5 22.Nh5 Nf4
23.Nxf4 gxf4 24.g3 fxg3 25.hxg3 c4 26.Re3 cxb3 27.Rxb3 a6 28.Bd4 Rc8 29.Qd2
Qg5 30.Qd1 Nc4 31.Ra2 Qg6 32.Rh2 Ne5 33.Rh4 Kh7 34.f4 Nc4 35.Rg4 Qh5 36.Rg7+
Bxg7 37.Qxh5 Bxd4+ 38.Nxd4 {#r} 1-0

[Event "It (open) \"]
[Site "Argentina"]
[Round "3"]
[White "Giardelli Sergio C (ARG)"]
[Black "Niegovich Jorge (ARG)"]
[Result "1-0"]
[WhiteElo "2425"]
[BlackElo "2178"]

1.d4 Nf6 2.c4 c5 3.d5 e6 4.Nc3 exd5 5.cxd5 d6 6.e4 g6 7.Nf3 Bg7 8.Nd2 Nbd7
9.Be2 O-O 10.O-O Ne5 11.f4 Neg4 12.Nc4 h5 13.h3 Nh6 14.Bf3 Nfg4 15.e5 dxe5
16.fxe5 Qh4 17.Ne4 f6 18.e6 Nf5 19.hxg4 {#r} 1-0

[Event "It (open)"]
[Site "Bratislava (Slovakia)"]
[Round "8"]
[White "Milanesi Bruno"]
[Black "Zavadsky Peter (SVK)"]
[Result "0-1"]
[WhiteElo "1900"]
[BlackElo "1858"]

1.d4 Nf6 2.c4 e6 3.Nc3 c5 4.d5 exd5 5.cxd5 d6 6.e4 g6 7.Nf3 Bg7 8.Be2 O-O
9.Nd2 Na6 10.O-O Nc7 11.f3 Rb8 12.a4 b6 13.Rb1 Nh5 14.f4 Bd4+ 15.Kh1 Ba6
16.Bxa6 Nxa6 17.Nf3 Bg7 18.e5 Bh6 19.g3 Nb4 20.Qe2 dxe5 21.Nxe5 Nxd5 22.Rd1
Nxc3 23.bxc3 Qe8 24.Qf3 Qxa4 25.Be3 Rbd8 26.c4 Bg7 27.Rxd8 Rxd8 28.g4 Bxe5
29.fxe5 Ng7 30.Rf1 Qxc4 31.Bh6 Qd5 {#R} 0-1

[Event "Zt"]
[Site "Brussels (Belgium)"]
[Round "1"]
[White "Van Der Sterren Paul (NED)"]
[Black "Seknadje Jose (FRA)"]
[Result "1-0"]
[WhiteElo "2525"]
[BlackElo "2059"]

1.d4 Nf6 2.c4 c5 3.d5 e6 4.Nc3 exd5 5.cxd5 d6 6.Nf3 g6 7.Nd2 Bg7 8.e4 O-O
9.Be2 Na6 10.O-O Nc7 11.a4 b6 12.Re1 a6 13.Nc4 Rb8 14.Bf4 Nfe8 15.e5 dxe5
16.Nxe5 Bb7 17.Bf3 Nd6 18.Nc6 Bxc6 19.dxc6 Bd4 20.Ne2 Ne6 21.Bg3 Rc8 22.Bd5
Nf5 23.Bxe6 fxe6 24.Nxd4 cxd4 25.c7 Qd7 26.Be5 Qd5 27.Qd3 Ne3 28.fxe3 Qxe5
29.exd4 Qxc7 30.Qxa6 Qf4 31.Qxb6 Qf2+ 32.Kh1 Rf6 33.h3 Rc2 34.Qb8+ Kg7 35.Qb7+
Kg8 36.b4 Qxd4 37.Rad1 Rd2 38.Rxd2 Qxd2 39.Qe4 Kg7 40.b5 {#r} 1-0

[Event "Tournament (2)"]
[Site "Budapest (Hungary)"]
[Round "0"]
[White "Blasovszky Istvan (HUN)"]
[Black "Szalanczy Emil (HUN)"]
[Result "0-1"]
[WhiteElo "2110"]
[BlackElo "2365"]

1.d4 Nf6 2.Nf3 c5 3.d5 e6 4.c4 exd5 5.cxd5 d6 6.Nc3 g6 7.e4 Bg7 8.Nd2 O-O
9.Be2 Na6 10.O-O Nc7 11.a4 Nfe8 12.Nc4 f5 13.exf5 Bxf5 14.Ne3 Bd7 15.Qc2 Na6
16.Bxa6 bxa6 17.Nc4 Rb8 18.Bd2 Bf5 19.Ne4 Qh4 20.f3 Bd4+ 21.Kh1 Nf6 22.Ncxd6
Be5 23.g3 Bxg3 24.Nxg3 Bxc2 {#R} 0-1

[Event "Liga South Baden"]
[Site "Germany"]
[Round "0"]
[White "Merkel Gerd (GER)"]
[Black "Wessbecher Hubert (FRA)"]
[Result "1-0"]
[WhiteElo "2203"]
[BlackElo "2073"]

1.d4 Nf6 2.c4 c5 3.d5 e6 4.Nc3 exd5 5.cxd5 g6 6.e4 d6 7.Nf3 Bg7 8.Nd2 O-O
9.Be2 Na6 10.O-O Ne8 11.Nc4 f5 12.exf5 Bxf5 13.Bf3 Nb4 14.Be4 Bxe4 15.Nxe4 b5
16.Bg5 Qd7 17.Ncxd6 c4 18.Nxe8 Raxe8 19.Nc5 Qxd5 20.Qxd5+ Nxd5 21.Rad1 Rf5
22.Bc1 Nb4 23.a3 Nc2 24.Nb7 Re6 25.Nd6 Rc5 26.Nb7 Rc7 27.Rd8+ Kf7 28.Rb8 Nd4
29.Nd8+ Ke7 30.Nxe6 Kxe6 31.Re1+ Kd5 32.Be3 Nc2 33.Rxb5+ Ke4 34.Re2 Kd3
35.Rd2+ {#r} 1-0

[Event "Ch Poland (team)"]
[Site "Poland"]
[Round "0"]
[White "Rogowski Jaroslaw (POL)"]
[Black "Gdanski Jacek (POL)"]
[Result "0-1"]
[WhiteElo "2270"]
[BlackElo "2485"]

1.d4 Nf6 2.Nf3 e6 3.c4 c5 4.d5 exd5 5.cxd5 d6 6.Nc3 g6 7.Nd2 Bg7 8.e4 O-O
9.Be2 Na6 10.O-O Nc7 11.Re1 Rb8 12.a4 Re8 13.Bf1 b6 14.Ra3 Ng4 15.Nf3 Ne5
16.Nxe5 Bxe5 17.Bd3 Qh4 18.g3 Qf6 19.Be3 Bd7 20.Qe2 Qg7 21.f3 f5 22.Qd2 fxe4
23.fxe4 a6 24.Bh6 Qe7 25.Bg5 Bf6 26.Bf4 Be5 27.Bg5 Qg7 28.Raa1 Bh3 29.Rab1 b5
30.axb5 axb5 31.Ne2 c4 32.Bc2 b4 33.Ba4 Nb5 34.Bh6 Qf7 35.Be3 Qf3 36.Nf4 {#R}
0-1

[Event "It (open)"]
[Site "Toronto (Canada)"]
[Round "4"]
[White "Nickoloff Bryon (CAN)"]
[Black "Hamilton Robert (CAN)"]
[Result "0-1"]
[WhiteElo "2403"]
[BlackElo "2301"]

1.d4 Nf6 2.c4 e6 3.Nf3 c5 4.d5 exd5 5.cxd5 d6 6.Nc3 g6 7.Nd2 Bg7 8.e4 O-O
9.Be2 Na6 10.O-O Nc7 11.a4 Nfe8 12.Nc4 Qe7 13.Bf3 f5 14.Re1 Bd4 15.exf5 Qh4
16.Ne4 Rxf5 17.Be3 Bxe3 18.Rxe3 Qd8 19.Qb3 Rf7 20.Rae1 Rb8 21.h4 h6 22.Nxc5
dxc5 23.d6 Nxd6 24.Rd1 Be6 25.Rxe6 Nxe6 26.Nxd6 Re7 27.Bg4 Qd7 28.Ne4 Qc6
29.Nd6 Qd7 30.Nb5 Qe8 31.Bxe6+ Kh7 32.Bc4 Re1+ 33.Bf1 Rxd1 34.Qxd1 Rd8 35.Nd6
Qe5 36.Nc4 {#R} 0-1

[Event "It (open) \"]
[Site "Berlin (Germany)"]
[Round "0"]
[White "Kaspi Alexander (ISR)"]
[Black "Zierke Oliver (GER)"]
[Result "1-0"]
[WhiteElo "2420"]
[BlackElo "2273"]

1.d4 Nf6 2.c4 e6 3.Nc3 c5 4.d5 exd5 5.cxd5 d6 6.Nf3 g6 7.Nd2 Bg7 8.e4 O-O
9.Be2 Na6 10.O-O Nc7 11.a4 b6 12.f3 Rb8 13.Re1 Nh5 14.Nf1 f5 15.exf5 gxf5
16.f4 Nf6 17.Bf3 a6 18.Ne3 b5 19.Qc2 Re8 20.Rf1 b4 21.Ne2 Ne4 22.Bxe4 fxe4
23.f5 Kh8 24.Kh1 Qe7 25.Nf4 Bd4 26.Ne6 Bxe3 27.Bxe3 Nxd5 28.Bg5 Qf7 29.Qxe4
Nc7 30.Qh4 Nxe6 31.fxe6 Qg6 32.Rf6 Qc2 33.Rf2 Qg6 34.e7 Bd7 35.Raf1 Kg8 36.Bh6
{#r} 1-0

[Event "Ch World (juniors) (under 18)"]
[Site "Szeged (Hungary)"]
[Round "0"]
[White "Gyimesi Zoltan (HUN)"]
[Black "Musat Adrian (ROM)"]
[Result "1-0"]
[WhiteElo "2430"]
[BlackElo "2382"]

1.d4 Nf6 2.c4 e6 3.Nc3 c5 4.d5 exd5 5.cxd5 d6 6.Nf3 g6 7.Nd2 Bg7 8.e4 O-O
9.Be2 Na6 10.O-O Nc7 11.a4 b6 12.Nc4 Ba6 13.Rb1 Bxc4 14.Bxc4 a6 15.b4 b5
16.axb5 axb5 17.Bxb5 Nxb5 18.Nxb5 Nxe4 19.bxc5 dxc5 20.d6 Rb8 21.Bf4 Qf6
22.Qf3 Nc3 23.Nxc3 Qxc3 24.d7 Qxf3 25.gxf3 Rxb1 26.Rxb1 Rd8 27.Re1 {#r} 1-0

[Event "Bundesliga (2nd) South 1995/96"]
[Site "Germany"]
[Round "0"]
[White "Steinmacher Josef (GER)"]
[Black "Meissner Bernd-Guenther (GER)"]
[Result "0-1"]
[WhiteElo "2007"]
[BlackElo "2275"]

1.d4 Nf6 2.c4 c5 3.d5 e6 4.Nc3 exd5 5.cxd5 d6 6.e4 g6 7.Nf3 Bg7 8.Nd2 O-O
9.Be2 Na6 10.O-O Nc7 11.a4 b6 12.Nc4 Re8 13.Qc2 Ba6 14.Bf4 Bxc4 15.Bxc4 Rb8
16.Rfe1 Nh5 17.Be3 a6 18.Qd3 Qc8 19.f4 Qb7 20.e5 b5 21.axb5 axb5 22.Nxb5 Nxb5
23.g4 dxe5 24.d6 Nd4 25.gxh5 Nf3+ 26.Kf2 Nxe1 27.Rxe1 exf4 28.Bxc5 Rxe1
29.hxg6 Qh1 30.gxf7+ Kh8 31.Bd4 Qg1+ 32.Kf3 Qxd4 33.Qxd4 Bxd4 {#R} 0-1

[Event "Ch World (juniors) (under 18)"]
[Site "Guarapuava (Brazil)"]
[Round "8"]
[White "Boikhutswane Kenneth (BOT)"]
[Black "Van Riemsdijk Vinicius (BRA)"]
[Result "0-1"]
[WhiteElo "2094"]
[BlackElo "2201"]

1.d4 Nf6 2.c4 c5 3.d5 e6 4.Nc3 exd5 5.cxd5 d6 6.e4 g6 7.Nf3 Bg7 8.Bg5 O-O
9.Be2 Na6 10.O-O Nc7 11.Rb1 a6 12.a4 b6 13.Nd2 Rb8 14.f4 Re8 15.Nc4 b5 16.axb5
axb5 17.Nxd6 Qxd6 18.e5 Qb6 19.d6 c4+ 20.Kh1 Nd7 21.dxc7 Qxc7 22.Ne4 Nc5
23.Qd6 Qxd6 24.Nxd6 Bf5 25.Nxe8 Rxe8 26.Ra1 h6 27.Bh4 Bd3 28.Rfe1 g5 29.Bg3
gxf4 30.Bxf4 Bxe2 31.Rxe2 Nd3 32.Bg3 b4 33.Rc2 Rc8 34.Ra4 Kh7 35.Kg1 c3
36.bxc3 b3 37.Rd2 Rxc3 38.Rxd3 Rxd3 39.Rb4 Bf8 40.Rb7 Kg6 41.Kf2 Bc5+ 42.Ke2
Rc3 43.Kd2 Bd4 44.Rb4 b2 45.Rxd4 Rb3 46.Rd6+ Kg7 47.Bf4 b1=Q 48.Bxh6+ Kh7
49.Ke2 Qe4+ {#R} 0-1